000 00421nam a22001697a 4500
005 20180615102448.0
008 160524b xxu||||| |||| 00| 0 eng d
020 _a81-203-1371-2
041 _aeng
082 _b4695
_a657.42
100 _aWilliamson, Duncon
_91167
245 _aCost and Management Accounting
260 _aNew Delhi
_bAcademic Faundation
300 _a758
650 _aManagement
_9241
942 _cBK
999 _c1584
_d1583